01350nam a2200301 a 4500001001200000003000800012006001900020007001500039008004100054020001800095020002700113040002100140035002100161050002300182110007200205245023400277260003500511300002800546490002900574504005300603533015200656650003000808655002900838700002100867710001700888856012600905999001701031ebr10667434CaPaEBRm u cr cn|||||||||130312s2013 njua sb 101 0 eng d z9781118605721 z9781118663073 (e-book) aCaPaEBRcCaPaEBR a(OCoLC)83304627814aTN773b.M48 2013eb2 aMetallurgical Society (U.S.).bMeetingd(2013 :cSan Antonio, Tex.)10aLight metals 2013h[electronic resource] :bproceedings of the symposia sponsored by the TMS Aluminum Committee at the TMS 2013 Annual Meeting & Exhibition : San Antonio, Texas, USA, March 3-7, 2013 /cedited by Barry A. Sandler. aHoboken, N.J. :bWiley,c2013. axxviii, 1377 p. :bill.0 aLight metals,x1096-9586 aIncludes bibliographical references and indexes. aElectronic reproduction.bPalo Alto, Calif. :cebrary,d2013.nAvailable via World Wide Web.nAccess may be limited to ebrary affiliated libraries. 0aLight metalsvCongresses. 7aElectronic books.2local1 aSadler, Barry A.2 aebrary, Inc.40uhttp://site.ebrary.com/lib/rucke/Doc?id=10667434zAn electronic book accessible through the World Wide Web; click to view c61370d61370